| 000 | 00000nam##2200000za#4500 |
| 001 | 9.531385 |
| 003 | CaOODSP |
| 005 | 20220328113237 |
| 007 | ta |
| 008 | 150406|1998||||xxc||||| f|0| 0 fre|d |
| 020 | |a0-662-63960-X |
| 040 | |aCaOODSP|bfre |
| 041 | |aeng |
| 041 | |afre |
| 043 | |an-cn--- |
| 086 | 1 |aC21-27/3-1998-3 |
| 110 | 1 |aCanada. |bIndustrie Canada. |
| 245 | 13|aLa réaction des entreprises: l'innovation à l'ère de l'information / |cpar Randall Marck et Bernard Yeung. |
| 260 | |aOttawa - Ontario : |bIndustrie Canada |c1998. |
| 300 | |aTexte français, 74p. : |bgraphiques, références ; |c23 cm. |
| 490 | 1 |aLe Canada au XXIe siècle. III. Relever le défi|vNo. 10 |
| 546 | |aBilingue |
| 563 | |aCouverture souple |
| 590 | |a99-43|b1999-10-29 |
| 691 | 07|aInnovation technologique|2gcpds |
| 691 | 07|aTechnologie de l'information|2gcpds |
| 720 | 1 |aYeung, Bernard |
| 720 | 1 |aMarck, Randall |
| 776 | 0#|tThe corporate response : |w(CaOODSP)9.571957 |
| 776 | 0#|tLa réaction des entreprises : |w(CaOODSP)9.602377 |
| 791 | |tThe corporate response: innovation in the information age / |eeng|w(CaOODSP)9.531384 |
| 830 | #0|aLe Canada au XXIe siècle. III. Relever le défi ;|vNo. 10|w(CaOODSP)9.509067 |